| 000 | 00340nam a22001337a 4500 | ||
|---|---|---|---|
| 040 | _cNUST | ||
| 082 |
_a510 _bMOD |
||
| 100 |
_aClarke, Collete _9118667 |
||
| 245 |
_aMathematics : _bModule 1 / _cCollete Clarke |
||
| 260 |
_aUnited States : _bAircraft Technical Book Company; _c2016. |
||
| 300 | _a116p. | ||
| 521 | _bHB | ||
| 942 |
_2ddc _cBK |
||
| 999 |
_c606850 _d606850 |
||